<?xml version="1.0" encoding="UTF-8"?>
<record
    xmlns:xsi="http://www.w3.org/2001/XMLSchema-instance"
    xsi:schemaLocation="http://www.loc.gov/MARC21/slim http://www.loc.gov/standards/marcxml/schema/MARC21slim.xsd"
    xmlns="http://www.loc.gov/MARC21/slim">

  <leader>01251nam a22002657a 4500</leader>
  <controlfield tag="005">20170124103159.0</controlfield>
  <datafield tag="010" ind1=" " ind2=" ">
    <subfield code="a">B-076292</subfield>
  </datafield>
  <datafield tag="020" ind1=" " ind2=" ">
    <subfield code="c">225.00</subfield>
  </datafield>
  <datafield tag="035" ind1=" " ind2=" ">
    <subfield code="a">B-076292</subfield>
  </datafield>
  <datafield tag="037" ind1=" " ind2=" ">
    <subfield code="b">Cen Lib/Ret</subfield>
  </datafield>
  <datafield tag="040" ind1=" " ind2=" ">
    <subfield code="a">DPL</subfield>
    <subfield code="b">HN</subfield>
  </datafield>
  <datafield tag="082" ind1=" " ind2=" ">
    <subfield code="a">380</subfield>
    <subfield code="b">&#x936;&#x94D;&#x930;&#x940;&#x935;&#x93E;&#x938;&#x94D;&#x924;</subfield>
  </datafield>
  <datafield tag="100" ind1=" " ind2=" ">
    <subfield code="a">&#x936;&#x94D;&#x930;&#x940;&#x935;&#x93E;&#x938;&#x94D;&#x924;&#x935;, &#x92E;&#x928;&#x941; &#x92A;&#x94D;&#x930;&#x915;&#x93E;&#x936; </subfield>
    <subfield code="9">49123</subfield>
  </datafield>
  <datafield tag="245" ind1=" " ind2=" ">
    <subfield code="a">&#x935;&#x93E;&#x923;&#x93F;&#x91C;&#x94D;&#x92F; :</subfield>
    <subfield code="c">&#x92E;&#x928;&#x941; &#x92A;&#x94D;&#x930;&#x915;&#x93E;&#x936; &#x936;&#x94D;&#x930;&#x940;&#x935;&#x93E;&#x938;&#x94D;&#x924;&#x935; [&#x90F;&#x935;&#x902;] &#x90F;&#x92E;.&#x938;&#x940;. &#x917;&#x941;&#x92A;&#x94D;&#x924;&#x93E; </subfield>
    <subfield code="b">&#x928;&#x935;&#x940;&#x928;&#x924;&#x92E; &#x92A;&#x93E;&#x920;&#x94D;&#x92F;&#x915;&#x94D;&#x930;&#x92E; &#x92A;&#x930; &#x906;&#x927;&#x93E;&#x930;&#x93F;&#x924; /</subfield>
  </datafield>
  <datafield tag="246" ind1=" " ind2=" ">
    <subfield code="a">Vanijaya : naveentam pathyakrm par adharit /</subfield>
    <subfield code="b">by Manu Prakash Shreevastava [evam] M.C. Gupta </subfield>
  </datafield>
  <datafield tag="260" ind1=" " ind2=" ">
    <subfield code="a">&#x906;&#x917;&#x930;&#x93E; </subfield>
    <subfield code="b">&#x909;&#x92A;&#x915;&#x93E;&#x930; &#x92A;&#x94D;&#x930;&#x915;&#x93E;&#x936;&#x928; </subfield>
  </datafield>
  <datafield tag="270" ind1=" " ind2=" ">
    <subfield code="b">&#x906;&#x917;&#x930;&#x93E; </subfield>
    <subfield code="a">2/&#x967;&#x967;&#x90F;, &#x938;&#x94D;&#x935;&#x926;&#x947;&#x936;&#x940; &#x92C;&#x940;&#x92E;&#x93E; &#x928;&#x917;&#x930; </subfield>
    <subfield code="e">282002</subfield>
  </datafield>
  <datafield tag="300" ind1=" " ind2=" ">
    <subfield code="a">viii,515&#x92A;&#x943;.</subfield>
    <subfield code="c">22&#x938;&#x947;&#x92E;&#x940;(&#x938;&#x91C;&#x93F;&#x932;&#x94D;&#x926; ) </subfield>
  </datafield>
  <datafield tag="650" ind1=" " ind2=" ">
    <subfield code="a">&#x935;&#x93E;&#x923;&#x93F;&#x91C;&#x94D;&#x92F;--&#x932;&#x947;&#x916;&#x93E;&#x902;&#x915;&#x928; </subfield>
    <subfield code="x"> </subfield>
    <subfield code="z"> </subfield>
    <subfield code="9">45844</subfield>
  </datafield>
  <datafield tag="650" ind1=" " ind2=" ">
    <subfield code="a">&#x935;&#x93E;&#x923;&#x93F;&#x91C;&#x94D;&#x92F;</subfield>
    <subfield code="9">90886</subfield>
  </datafield>
  <datafield tag="650" ind1=" " ind2=" ">
    <subfield code="a">Commerce - Accounting</subfield>
    <subfield code="9">90887</subfield>
  </datafield>
  <datafield tag="650" ind1=" " ind2=" ">
    <subfield code="a">Commerce</subfield>
    <subfield code="9">90888</subfield>
  </datafield>
  <datafield tag="700" ind1=" " ind2=" ">
    <subfield code="a">&#x917;&#x941;&#x92A;&#x94D;&#x924;&#x93E;, &#x90F;&#x92E;.&#x938;&#x940;.</subfield>
    <subfield code="9">90889</subfield>
  </datafield>
  <datafield tag="942" ind1=" " ind2=" ">
    <subfield code="2">ddc</subfield>
    <subfield code="c">HN</subfield>
    <subfield code="h">380</subfield>
    <subfield code="m">&#x936;&#x94D;&#x930;&#x940;&#x935;&#x93E;&#x938;&#x94D;&#x924;</subfield>
  </datafield>
  <datafield tag="999" ind1=" " ind2=" ">
    <subfield code="c">120528</subfield>
    <subfield code="d">120528</subfield>
  </datafield>
  <datafield tag="952" ind1=" " ind2=" ">
    <subfield code="0">0</subfield>
    <subfield code="1">0</subfield>
    <subfield code="4">0</subfield>
    <subfield code="7">0</subfield>
    <subfield code="a">L</subfield>
    <subfield code="b">L</subfield>
    <subfield code="d">2015-09-23</subfield>
    <subfield code="e">Cen Lib/Ref</subfield>
    <subfield code="g">225.00</subfield>
    <subfield code="l">1</subfield>
    <subfield code="o">380 &#x936;&#x94D;&#x930;&#x940;&#x935;&#x93E;&#x938;&#x94D;&#x924;</subfield>
    <subfield code="p">B-076292</subfield>
    <subfield code="r">2018-12-11 00:00:00</subfield>
    <subfield code="s">2018-11-26</subfield>
    <subfield code="t">1</subfield>
    <subfield code="v">225.00</subfield>
    <subfield code="w">2015-09-23</subfield>
    <subfield code="y">HN</subfield>
  </datafield>
</record>
